Teatre trans i altres textos no normatius /
MARC
| LEADER | 00000cam a2200000 i 4500 | ||
|---|---|---|---|
| 001 | 25160 | ||
| 005 | 20260324180726.0 | ||
| 008 | 200717e202003 spc|||||||||||0|| d|cat| | ||
| 015 | |a LL2020 |2 bnc | ||
| 017 | |a DL B 4475-2020 |b Biblioteca de Catalunya | ||
| 020 | |a 9788418022364 | ||
| 020 | |a 9788498039160 | ||
| 035 | |a (ES-BaCBU).b74346040 | ||
| 040 | |a ES-BaIT |b cat |e rda |c ES-BaIT | ||
| 041 | 0 | |a cat |a spa | |
| 080 | |a 821.134.1-2 |x "20" |2 2004 | ||
| 080 | |a 821.134.2-2 |x "20" |2 2004 | ||
| 100 | 1 | |a Rosich, Marc, |e autor | |
| 240 | 1 | 0 | |a Teatre. |k Seleccions |
| 245 | 1 | 0 | |a Teatre trans i altres textos no normatius / |c Marc Rosich ; pròleg d'Isaias Fanlo ; epíleg de Sebastià Portell |
| 250 | |a Primera edició | ||
| 264 | 1 | |a Barcelona : |b Diputació de Barcelona, Institut del Teatre : |b Comanegra, |c març del 2020 | |
| 300 | |a 170 pàgines ; |c 19 cm | ||
| 336 | |a text |b txt |2 rdacontent | ||
| 337 | |a sense mediació |b n |2 rdamedia | ||
| 338 | |a volum |b nc |2 rdacarrier | ||
| 490 | |a Drama-ticles. Dramatúrgia contemporània ; |v 20 | ||
| 505 | 8 | |a Conté: Supervivència i utopia en el teatre queer i trans / Isaias Fanlo -- Limbo ; A mí no me escribió Tennessee Willliams (porque no me conocía) ; De tritons i sirenes ; Ocaña, reina de las Ramblas / Marc Rosich -- Marc Rosich dona problemes / Sebastià Portell | |
| 546 | |a Tres obres en català i una en castellà | ||
| 700 | 1 | 2 | |i Contenidor de (obra) : |a Rosich, Marc. |t Limbo. |
| 710 | 2 | |a Institut del Teatre (Barcelona, Catalunya), |e entitat editora |9 52662 | |
| 830 | 0 | |a Dramaticles. |p Dramatúrgia contemporània |v 20 |9 55677 | |
| 907 | |a .b74346040 |b 18-02-21 |c 17-07-20 |d 09-12-20 |e m |f a |g - |h cat |i spc |j 0 |k 0 | ||
| 908 | |a CDMAE |a BAB |a BC | ||
| 940 | |a BC | ||
| 942 | |2 udc |c ARXIU |n 1 | ||
| 952 | |0 0 |1 0 |4 0 |6 BIB432 |7 1 |9 61001 |a Arxiu |b Arxiu |d 2022-02-14 |l 0 |o Bib-432 |p 25160 |r 2022-02-14 00:00:00 |w 2022-02-14 |y ARXIU | ||
| 999 | |c 81125 |d 81125 | ||